Statistics for What Continent is this Capital in?

Click here to take the quiz!

General Stats

  • This quiz has been taken 35 times
  • The average score is 10 of 10

Answer Stats

QuestionAnswer% Correct
BeijingAsia
100%
ParisEurope
100%
BerlinEurope
100%
New DelhiAsia
97%
Mexico CityNorth America
97%
Washington D.C.North America
97%
Port MoresbyOceania
97%
BrasíliaSouth America
97%
LimaSouth America
97%
CanberraOceania
94%

Score Distribution

Percentile by Number Answered

Percent of People with Each Score

Your Score History

You have not taken this quiz